| 000 | 00354nam a22001337a 4500 | ||
|---|---|---|---|
| 008 | 170508b xxu||||| |||| 00| 0 eng d | ||
| 020 | _a9780791461037 | ||
| 041 | _aeng | ||
| 080 | _a34 | ||
| 100 | _a14 | ||
| 101 | _ashj | ||
| 245 |
_aORAL ARGUMENTS AND DECISION MAKING ON THE UNITED STATES SUPREME COURT _cJOHNSON.J.R |
||
| 942 |
_2udc _cBK |
||
| 999 |
_c12944 _d12944 |
||